MDQL
is popping MORE tags! Check the
thread
!
Quizzes
Events
Quiz Creation
Community
Videos
Private Events
Remove Ads
Sign In
Join for FREE
Feedback
Dark Mode
Quiz Categories
Sports
Geography
Music
Movies
Television
Just For Fun
Miscellaneous
History
Literature
Language
Science
Gaming
Entertainment
Religion
Holiday
For Kids
Quiz Lab
Recent
Popular Today
Quiz Kudos Today
Editor Picks
Curator Picks
Quizzes by...
Day
Popularity
Type
Ratings
Length
Year
Community
Subscriptions
Recent Discussions
Orange Saloon
Badges
Playlists
Quests
Create
Leaderboards
Showdown
Live 5
Trivia Bingo
Activity
Puzzle Library
Sporcle Events
Private Events
Virtual Trivia
Globe League
Become a Host
Pub Owners
SporcleCon
Opinionation
Our Games
Videos
Blog
Mobile Apps
Partnerships
Remove Ads and Go Orange
Feedback
Geography
Country
Landmarks
City
State
Population
World
Capital
Continent
Flags
Europe
Africa
Asia
South America
North America
Oceania
Border
Canada
United Kingdom
Topography
United States
Geography
Country
Landmarks
City
State
Population
World
Capital
Continent
Flags
Europe
Africa
Asia
South America
North America
Oceania
Border
Canada
United Kingdom
Topography
United States
Random Quiz
Search Sporcle
×
Quiz Lab
Quiz Lab
Geography
Vocabulary
Type in answers that appear in a list
Type in answers that appear in a list
Classic
Best Score? Go Orange.
Climate & Weather Vocab Scramble Stats
Can you name the climate and weather vocabulary from their description and anagram?
By
pennstate18
8m
24 Questions
334 Plays
334 Plays
334 Plays
Comments
Comments
Give Quiz Kudos
Give Quiz Kudos
-
- Ratings
hide this ad
More Info
Replay
Link that replays current quiz
Next Quiz
Link to next quiz in quiz playlist
You Got
0%
They Got
Avg Score
69%
Avg Friend Score
Upgrade to see
Score Distribution
Jump to the score distribution portion of the page
Score
0/24
Timer
08:00
0
Plays Today
Description
Term
% Correct
Variably-
sized pieces of ice that fall in downdrafts from cumulonimbus clouds
HAIL
98.5%
Precipation of liquid particles with a diameter larger than .02 inches
RAIN
90.1%
Rapidly-
rotating funnel-
shaped cloud or debris column that must reach the surface and be attached to a parent cumulonimbus cloud
TORNADO
89.5%
The surface deposition of water vapor as minute ice crystals
FROST
89.5%
Deposition of small water droplets on Earth's surface by direct condensation of water vapor
DEW
89.2%
Flake-
like coagulations of ice crystals that fall from clouds in subzero temperatures
SNOW
88.9%
Violent storm resulting from counterclockwise rotation of winds in the northern hemisphere and clockwise in the southern hemisphere
CYCLONE
87.7%
The dividing line between two air masses
FRONT
86.5%
Massive electrical discharge released in a thunderstorm
LIGHTNING
85.3%
Amount of water vapor in the air
HUMIDITY
84.7%
Sound produced by the rapid expansion of air heated by lightning
THUNDER
81.4%
The conversion of water vapor into liquid
CONDENSATION
77.5%
Description
Term
% Correct
Precipation drops between .01 -
.02 inches in diameter
DRIZZLE
74%
Conversion of water from liquid into vapor or moisture in the air
EVAPORATION
73.1%
*Observed quantity of water vapor in a mass of air over the saturation value at a given temperature (as a percentage)
RELATIVE HUMIDITY
62.3%
*The temperature at which air becomes saturated by cooling at a constant barometric pressure and absolute humidity
DEW POINT
55.1%
Line joining places with the same barometric pressures
ISOBAR
51.8%
*Amount of cloud in the sky; measured in oktas (from 0-
9), with 0 clear, and 9 'sky obscured'
CLOUD COVER
50.6%
Line connecting places of equal temperature
ISOTHERM
50%
*Mass of water vapor contained in a given volume of air
ABSOLUTE HUMIDITY
45.5%
Large area of low barometric pressure, a few thousand miles across
DEPRESSION
44.9%
Area of high pressure with light winds and generally quiet weather
ANTICYCLONE
41.3%
*Most common direction of wind at a given location
PREVAILING WIND
37.1%
Measurable rain, snow, sleet, or hail
PRECIPATATION
34.4%
Quiz Playlist
Details
Report
Send in Message
Add To Playlist
More Info:
*Two Words Vocabulary is scarmbled, for example LODCU would be CLOUD
Classic:
Type in answers that appear in a list
Last Updated: Feb 16, 2017
Quiz Scoreboard
CHALLENGE
Sign Up to Join the Scoreboard
Show All
Scores
Hide
Comments
May contain spoilers
Recently Published
Two Season TV Shows II
by 123Four
Television
10m
Image Sorting: Flags VI
by Barbecue
Geography
2m
Find the 'City' Movie
by crazypaving
Movies
60s
More to Explore
Quiz From the Vault
Featured Blog Post
14 Easter Pick-up Lines to Find Eggs With
hide this ad
You Might Also Like...
Tags
Vocabulary Quiz
climate
Terms Review
Weather
Today's Top Quizzes in Geography
Browse Geography
hide this ad
Today's Top Quizzes in Vocabulary
Browse Vocabulary
Top Contributed Quizzes in Geography
1
Colored Red Europe Blitz I
2
Countries of the World - No Outlines Minefield
3
Colored Red Africa Blitz II
4
Colored Red Europe Blitz II
5
Colored Red Europe Blitz III
6
Colored Red Africa Blitz III
7
Colored Red States Blitz I
8
A Different View: World Oceans
9
Colored Red States Blitz II
10
Colored Red States Blitz III
Explore More
Trending Topics
Marvel
NBA
Harry Potter
Crossword
Anime
Disney
Kpop
Soccer
The Office
Song
NFL
WWE
Puzzle
Country
Pokémon
hide this ad
More By:
pennstate18
Quiz
Plays
Rating
Category
Featured
Created
Countries with Highest Industrial Output
1,462
4.60
Geography
Dec 26, 2010
2015 Most Populous Cities
649
3.14
Geography
Dec 24, 2010
Climate & Weather Vocab Scramble
334
3.33
Geography
Jan 9, 2011
Africa: North to South
249
1.67
Geography
Dec 23, 2010
Countries with Highest Mammal Extinction
245
4.43
Geography
Dec 24, 2010
Go to Creator's Profile
Score Distribution
Quiz Creator Spotlight
pennstate18
Follow
Send a Message
Quizzes Created
-
Created Quiz Play Count
-
More By This Creator
Popular Quizzes Today
1
Find the US States - No Outlines Minefield
2
Colored Red Africa Blitz
3
Find the 'City' Movie
4
5x2 Blitz: Bands
5
The Countries of the World
6
Find the Countries of Europe - No Outlines Minefield
7
Find the US States
8
US States
More Geography Quizzes
Quick Pick: Is It In Ontario?
Curator's Pick
Trending Quizzes
Colored Red Europe Blitz I
Colored Red Africa Blitz II
Colored Red Europe Blitz II
Colored Red Africa Blitz III
Colored Red Europe Blitz III
Recently Updated
How Do You Spell That?
pecheneg
Godzilla Movies
pecheneg
Grab Bag: 4-10 Letters
pecheneg
2024 March Madness Bracket
pecheneg
Famous TV Couples
Peacemaker
Champions League XIs: Real Madrid
pecheneg
Largest US Cities 1790-2010
pecheneg
Rides in Walt Disney World
pecheneg
Most Oscar Losses (Acting)
pecheneg
Beyoncé Albums
pecheneg
Trending Topics
Anime
Disney
NBA
Harry Potter
Crossword
Marvel
Kpop
NFL
The Office
Song
Country
Soccer
WWE
Pokémon
Puzzle
Your Account Isn't Verified!
In order to create a playlist on Sporcle, you need to verify the email address you used during registration. Go to your
Sporcle Settings
to finish the process.
Report this User
Report this user for behavior that violates our
Community Guidelines
.
Details:
Send Report
Go to the Sporcle.com Mobile Site →
Comments